00000000nam 2200000zi 4500
0019.868627
003CaOODSP
00520221107162634
006m     o  d f      
007cr |||||||||||
008190220e197310##oncb   |o    f|0| 0 eng d
040 |aCaOODSP|beng|erda|cCaOODSP
041 |aeng|bfre
043 |an-cn---
0861 |aEn42-15/73-4E-PDF
24500|aNational inventory of sources and emissions of asbestos (1970) / |cby James F. MacLaren Limited, Environmental Consultants, Willowdale, Ontario ; for the Air Pollution Control Directorate, Environmental Protection Service.
264 1|a[Ottawa] : |bAir Pollution Control Directorate, Environmental Protection Service, |cOctober 1973.
300 |a1 online resource (ix, 46 pages) : |bmaps.
336 |atext|btxt|2rdacontent
337 |acomputer|bc|2rdamedia
338 |aonline resource|bcr|2rdacarrier
4901 |aReport APCD ; |v73-4
500 |aDigitized edition from print [produced by Environment and Climate Change Canada].
504 |aIncludes bibliographical references.
5203 |a"Atmospheric emissions of asbestos from various sectors of the Canadian economy have been estimated for the year 1970. A summary of emission factors is given in Table 1. Total emissions were estimated to be 16 392 tons, of which 99.4% was lost during the mining and milling of asbestos fibre, 0.03% during the manufacture of asbestos products, and 0.57% during the consumption of asbestos products, principally automobile brake linings"--Abstract.
546 |aIncludes abstract in French.
653 0|aAsbestos
69207|2gccst|aAir pollution
7101 |aCanada. |bEnvironment Canada. |bEnvironmental Protection Service.
7101 |aCanada. |bAir Pollution Control Directorate.
7102 |aJames F. MacLaren Ltd.
830#0|aReport APCD ;|v73-4|w(CaOODSP)9.868593
85640|qPDF|s1.86 MB|uhttps://publications.gc.ca/collections/collection_2019/eccc/En42-15-73-4-eng.pdf